[Event "St Petersburg Summer op"]
[Site "St Petersburg"]
[Date "2017.08.21"]
[Round "6"]
[White "Geshko, Aleksey"]
[Black "Shubin, Alexey"]
[Result "1-0"]
[WhiteElo "2258"]
[BlackElo "2086"]
[PlyCount "129"]
[EventDate "2017.08.16"]
[EventType "swiss"]
[EventRounds "9"]
[EventCountry "RUS"]
[SourceTitle "CBM 180 Extra"]
[Source "ChessBase"]
[SourceDate "2017.10.06"]
[SourceVersion "1"]
[SourceVersionDate "2017.10.06"]
[SourceQuality "1"]

1. Nf3 Nf6 2. g3 g6 3. Bg2 Bg7 4. 0-0 c5 5. d3 Nc6 6. e4 d6 7. Nbd2 0-0 8. Re1 Rb8 9. c3 b5 10. d4 Nd7 11. Nf1 Bb7 12. Bf4 b4 13. e5 bxc3 14. bxc3 cxd4 15. cxd4 dxe5 16. Nxe5 Ncxe5 17. dxe5 e6 18. Rc1 Bxg2 19. Kxg2 Rb5 20. Qa4 Qb6 21. Nd2 Nxe5 22. Bxe5 Rxe5 23. Rxe5 Bxe5 24. Rc6 Qb7 25. Nc4 Bb8 26. Na5 Qd7 27. Nb3 Qd5+ 28. f3 Rd8 29. Qc4 Qxc4 30. Rxc4 Bd6 31. Kf2 Kf8 32. Ke3 Ke7 33. Nd4 Kd7 34. Nb5 a6 35. Nxd6 Kxd6 36. Ra4 Ra8 37. f4 h5 38. Ke4 f6 39. Ra3 a5 40. Kd4 e5+ 41. fxe5+ fxe5+ 42. Ke4 a4 43. Rd3+ Kc5 44. Kxe5 Ra6 45. Rf3 Kc4 46. h4 Kb4 47. Kd5 Ra5+ 48. Kd4 Rf5 49. a3+ Kb5 50. Rxf5+ gxf5 51. Kd5 Kb6 52. Ke5 Kc5 53. Kxf5 Kc4 54. g4 hxg4 55. Kxg4 Kb3 56. h5 Kxa3 57. h6 Ka2 58. h7 a3 59. h8Q Kb1 60. Qh1+ Kb2 61. Qg2+ Kb1 62. Qf1+ Kb2 63. Qe2+ Kb1 64. Qe1+ Kb2 65. Qb4+ 1-0

[Event "Pardubice op rapid 28th"]
[Site "Pardubice"]
[Date "2017.07.20"]
[Round "5"]
[White "Shubin, Alexey"]
[Black "Kalousek, Vladimir"]
[Result "1/2-1/2"]
[WhiteElo "2083"]
[BlackElo "2051"]
[PlyCount "48"]
[EventDate "2017.07.19"]
[EventType "swiss (rapid)"]
[EventRounds "9"]
[EventCountry "CZE"]
[SourceTitle "CBM 179 Extra"]
[Source "ChessBase"]
[SourceDate "2017.08.23"]
[SourceVersion "1"]
[SourceVersionDate "2017.08.23"]
[SourceQuality "1"]

1. e4 c5 2. Nc3 d6 3. f4 Nc6 4. Nf3 g6 5. Bc4 Bg7 6. 0-0 Nf6 7. d3 0-0 8. Qe1 Bg4 9. Be3 Bxf3 10. Rxf3 Nd4 11. Bxd4 cxd4 12. Ne2 e5 13. h3 d5 14. fxe5 dxc4 15. exf6 Bxf6 16. Qf2 Bg7 17. Nf4 cxd3 18. cxd3 Rc8 19. Nd5 Qd6 20. Rf1 f5 21. Qd2 fxe4 22. Rxf8+ Rxf8 23. Rxf8+ Bxf8 24. dxe4 Bg7 1/2-1/2

[Event "Dvorkovich Memorial op"]
[Site "Taganrog"]
[Date "2017.01.17"]
[Round "5"]
[White "Dobrovolsky, Oleg"]
[Black "Shubin, Alexey"]
[Result "1-0"]
[WhiteElo "2285"]
[BlackElo "2114"]
[PlyCount "61"]
[EventDate "2017.01.13"]
[EventType "swiss"]
[EventRounds "9"]
[EventCountry "RUS"]
[SourceTitle "CBM 176 Extra"]
[Source "ChessBase"]
[SourceDate "2017.03.02"]
[SourceVersion "1"]
[SourceVersionDate "2017.03.02"]
[SourceQuality "1"]

1. d4 c5 2. d5 e5 3. e4 d6 4. Nc3 Be7 5. g3 Bg5 6. f4 exf4 7. Bb5+ Nd7 8. Nf3 a6 9. Nxg5 Qxg5 10. Bxf4 Qe7 11. Bxd7+ Bxd7 12. Qe2 f6 13. a4 h5 14. a5 g5 15. Be3 Bg4 16. Qg2 Nh6 17. h3 Bd7 18. Ra3 Nf7 19. Rb3 0-0-0 20. Rb6 Qe5 21. Kd2 h4 22. g4 Qg3 23. Qe2 Kc7 24. b4 Ne5 25. bxc5 dxc5 26. Bxc5 Bb5 27. Nxb5+ axb5 28. Qxb5 Qf4+ 29. Kc3 Rb8 30. Bd6+ Kc8 31. Qc5+ 1-0

[Event "Chigorin Memorial 24th"]
[Site "St Petersburg"]
[Date "2016.10.22"]
[Round "8"]
[White "Shubin, Alexey"]
[Black "Schetchikov, Vladimir Mikhailo"]
[Result "1/2-1/2"]
[WhiteElo "2141"]
[BlackElo "1967"]
[PlyCount "81"]
[EventDate "2016.10.15"]
[EventType "swiss"]
[EventRounds "9"]
[EventCountry "RUS"]
[SourceTitle "CBM 175 Extra"]
[Source "ChessBase"]
[SourceDate "2016.12.12"]
[SourceVersion "1"]
[SourceVersionDate "2016.12.12"]
[SourceQuality "1"]

1. e4 c5 2. Nf3 Nc6 3. d4 cxd4 4. Nxd4 Nf6 5. Nc3 e5 6. Nf5 d5 7. exd5 Bxf5 8. dxc6 bxc6 9. Qf3 Qd7 10. Bc4 Be7 11. 0-0 Bxc2 12. Qe2 Bg6 13. Qxe5 0-0 14. Rd1 Qb7 15. Ba6 Qxa6 16. Qxe7 Rfe8 17. Qc5 Qb6 18. Qxb6 axb6 19. Bg5 Ne4 20. Nxe4 Bxe4 21. a3 Bd5 22. Re1 f6 23. Be3 b5 24. Bc5 Kf7 25. f3 Rxe1+ 26. Rxe1 Re8 27. Rxe8 Kxe8 28. Kf2 Kf7 29. Ke3 Ke6 30. g3 g6 31. h4 h5 32. g4 Bb3 33. gxh5 gxh5 34. Kd4 Bd1 35. f4 f5 36. Ba7 Kd7 37. Kc5 Kc7 38. Bb6+ Kb7 39. Ba5 Bc2 40. Bc3 Bd1 41. Bd4 1/2-1/2

[Event "Chigorin Memorial 24th"]
[Site "St Petersburg"]
[Date "2016.10.16"]
[Round "2"]
[White "Shubin, Alexey"]
[Black "Shapiyanov, Adam"]
[Result "1-0"]
[WhiteElo "2141"]
[BlackElo "1857"]
[PlyCount "35"]
[EventDate "2016.10.15"]
[EventType "swiss"]
[EventRounds "9"]
[EventCountry "RUS"]
[SourceTitle "CBM 175 Extra"]
[Source "ChessBase"]
[SourceDate "2016.12.12"]
[SourceVersion "1"]
[SourceVersionDate "2016.12.12"]
[SourceQuality "1"]

1. e4 c5 2. Nf3 d6 3. d4 cxd4 4. Nxd4 Nf6 5. Nc3 a6 6. Bg5 e6 7. Qf3 Nbd7 8. 0-0-0 b5 9. e5 d5 10. exf6 gxf6 11. Nxd5 exd5 12. Re1+ Be7 13. Nc6 Ne5 14. Rxe5 fxe5 15. Nxd8 Bxg5+ 16. Kb1 Bxd8 17. Qxd5 Ra7 18. Qxe5+ 1-0

[Event "Volgograd"]
[Site "Volgograd"]
[Date "1997.??.??"]
[Round "3"]
[White "Rogovskoy, Alexander"]
[Black "Shubin, Alexey"]
[Result "1-0"]
[WhiteElo "2405"]
[BlackElo "2305"]
[PlyCount "49"]
[EventDate "1997.??.??"]
[EventType "tourn"]
[EventRounds "13"]
[EventCountry "RUS"]
[EventCategory "7"]
[SourceTitle "EXT 2000"]
[Source "ChessBase"]
[SourceDate "1999.11.16"]
[SourceVersion "1"]
[SourceVersionDate "1999.11.16"]
[SourceQuality "1"]

1. e4 e6 2. d4 d5 3. Nc3 Bb4 4. e5 Ne7 5. a3 Bxc3+ 6. bxc3 c5 7. Qg4 Kf8 8. Bd3 b6 9. Nf3 Ba6 10. Bxa6 Nxa6 11. 0-0 h6 12. a4 Nb8 13. Ba3 Nd7 14. c4 dxc4 15. dxc5 bxc5 16. Qxc4 Rc8 17. Rfd1 Qc7 18. Qd3 Nb6 19. Bxc5 Nbd5 20. Bd6 Qxc2 21. Qa3 Rc3 22. Bxe7+ Kg8 23. Qd6 Rxf3 24. gxf3 Nf4 25. Qb8+ 1-0

[Event "Volgograd"]
[Site "Volgograd"]
[Date "1997.??.??"]
[Round "11"]
[White "Shtyrenkov, Veniamen"]
[Black "Shubin, Alexey"]
[Result "1-0"]
[WhiteElo "2455"]
[BlackElo "2305"]
[PlyCount "65"]
[EventDate "1997.??.??"]
[EventType "tourn"]
[EventRounds "13"]
[EventCountry "RUS"]
[EventCategory "7"]
[SourceTitle "EXT 2000"]
[Source "ChessBase"]
[SourceDate "1999.11.16"]
[SourceVersion "1"]
[SourceVersionDate "1999.11.16"]
[SourceQuality "1"]

1. d4 Nf6 2. Nf3 g6 3. c4 Bg7 4. Nc3 d6 5. e4 0-0 6. Be2 e5 7. 0-0 Nc6 8. d5 Ne7 9. Ne1 Ne8 10. g4 f5 11. f3 f4 12. h4 Kf7 13. Bd2 Ng8 14. Ng2 Bf6 15. Be1 Be7 16. Kh2 Ngf6 17. Bf2 h5 18. g5 Nh7 19. Rh1 Qd7 20. Kg1 Rh8 21. Bf1 Ng7 22. Rc1 b6 23. b4 a5 24. a3 axb4 25. axb4 Qd8 26. Rh2 Rf8 27. Kh1 Kg8 28. Ne1 Rf7 29. Ra1 Bb7 30. Nd3 Rf8 31. Rxa8 Qxa8 32. Nb5 Rc8 33. Bh3 1-0

[Event "Volgograd"]
[Site "Volgograd"]
[Date "1997.??.??"]
[Round "5"]
[White "Vershinin, Mikhail"]
[Black "Shubin, Alexey"]
[Result "1-0"]
[WhiteElo "2405"]
[BlackElo "2305"]
[PlyCount "40"]
[EventDate "1997.??.??"]
[EventType "tourn"]
[EventRounds "13"]
[EventCountry "RUS"]
[EventCategory "7"]
[SourceTitle "EXT 2000"]
[Source "ChessBase"]
[SourceDate "1999.11.16"]
[SourceVersion "1"]
[SourceVersionDate "1999.11.16"]
[SourceQuality "1"]

1. e4 e6 2. d4 d5 3. Nc3 dxe4 4. Nxe4 Nf6 5. Nxf6+ Qxf6 6. Nf3 h6 7. Bd3 Bd6 8. Qe2 0-0 9. Qe4 Qf5 10. Qh4 Bb4+ 11. Kf1 Qd5 12. c3 Ba5 13. b4 Qc6 14. bxa5 Qxc3 15. Ke2 Qxa1 16. Bxh6 Qxa2+ 17. Bd2 g6 18. Ng5 Kg7 19. Nh7 g5 20. Qxg5+ Kh8 1-0